<?xml version="1.0" encoding="UTF-8"?>
<collection xmlns="http://www.loc.gov/MARC21/slim">
 <record>
  <leader>00536cam a2200169 7i4500</leader>
  <controlfield tag="001">0000050679</controlfield>
  <controlfield tag="005">20080326090000.0</controlfield>
  <controlfield tag="008">080303   2006                      may   </controlfield>
  <datafield tag="020" ind1="#" ind2="0">
   <subfield code="a">983124219X </subfield>
  </datafield>
  <datafield tag="090" ind1="0" ind2="0">
   <subfield code="a">TX 724.5 .M4 </subfield>
   <subfield code="b">A5 2006</subfield>
  </datafield>
  <datafield tag="245" ind1="0" ind2="0">
   <subfield code="a">Aneka talam dan kuih lapis  </subfield>
   <subfield code="c">selengaraan Sa'adiah Mohamad.</subfield>
  </datafield>
  <datafield tag="260" ind1="#" ind2="#">
   <subfield code="a">Kuala Lumpur: </subfield>
   <subfield code="b">Alaf 21 Sdn Bhd, </subfield>
   <subfield code="c">2006.</subfield>
  </datafield>
  <datafield tag="300" ind1="#" ind2="#">
   <subfield code="a">48 p.; </subfield>
   <subfield code="c">26 cm..</subfield>
  </datafield>
  <datafield tag="650" ind1="0" ind2="0">
   <subfield code="a">Cookery, Malaysian </subfield>
  </datafield>
  <datafield tag="650" ind1="0" ind2="0">
   <subfield code="a">Recipes -- </subfield>
   <subfield code="z">Malaysia </subfield>
  </datafield>
  <datafield tag="700" ind1="0" ind2="1">
   <subfield code="a">Saiadiah Mohamad </subfield>
  </datafield>
  <datafield tag="999" ind1=" " ind2=" ">
   <subfield code="a">1100042889</subfield>
   <subfield code="b">Book</subfield>
   <subfield code="c">Open Shelf</subfield>
   <subfield code="e">KOLEKSI TERBUKA</subfield>
  </datafield>
 </record>
</collection>
